Perspektivy i problemy razvitija krupnych energetičeskych kompanij na rinke elektroenergii v ukraine

Analýza základných ukazovateľov významných pre energetické podniky na Ukrajine.

Gespeichert in:
Bibliographische Detailangaben
1. Verfasser: Kostin, Jurij
Weitere Verfasser: Iščapovskij, Konstatntin, Dubrovina, Nadežda Anatoljevna
Format: Buchkapitel
Sprache:Russisch
Schlagworte:
Tags: Tag hinzufügen
Keine Tags, Fügen Sie das erste Tag hinzu!

MARC

LEADER 00000nla a2200000 4500
001 0204624
005 20240417075058.3
041 0 |a rus 
044 |a SK 
245 1 0 |a Perspektivy i problemy razvitija krupnych energetičeskych kompanij na rinke elektroenergii v ukraine  |c Jurij Kostin, Konstatntin Iščapovskij, Nadežda Anatoljevna Dubrovina 
520 |a Analýza základných ukazovateľov významných pre energetické podniky na Ukrajine. 
610 2 0 |a modely regresné 
610 2 0 |a Ukrajina 
610 2 0 |a politika energetická 
610 2 0 |a výroba energie 
100 1 |a Kostin, Jurij 
700 1 |a Iščapovskij, Konstatntin 
700 1 |a Dubrovina, Nadežda Anatoljevna